Loading...
Fine Arts - Classical Music | 0 | 3 | 0 | 0 | 30 | 41 | 62.00 | 2 | 3 |
History - European History | 0 | 2 | 0 | 0 | 20 | 62 | 75.50 | 0 | 2 |
History - World History | 0 | 2 | 0 | 0 | 20 | 78 | 80.50 | 1 | 1 |
Social Science | 0 | 1 | 0 | 0 | 10 | 62 | 62.00 | 1 | 1 |
History - American History | 0 | 1 | 0 | 1 | 10 | 105 | 105.00 | 0 | 0 |
History - Other History | 0 | 1 | 0 | 1 | 10 | 85 | 85.00 | 0 | 1 |
Mythology | 0 | 1 | 0 | 0 | 10 | 82 | 82.00 | 0 | 1 |
Science - Biology | 0 | 1 | 0 | 0 | 10 | 92 | 92.00 | 0 | 1 |
Science - Other Science | 0 | 1 | 0 | 0 | 10 | 109 | 109.00 | 0 | 1 |
Religion | 0 | 1 | 1 | 0 | 5 | 72 | 72.00 | 1 | 1 |
Literature - World Literature | 0 | 0 | 1 | 0 | -5 | 0.00 | 0 | 0 | |
Fine Arts - Other Fine Arts | 0 | 0 | 1 | 0 | -5 | 0.00 | 0 | 0 |